Investice a multiplikátor

Na minha lista:
Detalhes bibliográficos
Autor principal: Klacek, Jan
Outros Autores: Rybáčková, Jana, Toma, Miroslav
Formato: Livro
Idioma:tcheco
Publicado em: Praha EÚ ČSAV 1969
Colecção:Výzkumná publikace č. 65
Tags: Adicionar Tag
Sem tags, seja o primeiro a adicionar uma tag!

MARC

LEADER 00000nam a2200000 4500
001 c122024
005 20240311123032.0
041 0 |a cze 
044 |a CZ 
245 1 0 |a Investice a multiplikátor  |c Jan Klacek, Jana Rybáčková, Miroslav Toma 
264 1 |a Praha  |b EÚ ČSAV  |c 1969 
300 |a 88 s. 
490 1 |a Výzkumná publikace  |v č. 65 
830 0 |a Výzkumná publikace  |v č. 65 
100 1 |a Klacek, Jan 
700 1 |a Rybáčková, Jana 
700 1 |a Toma, Miroslav